000 01229nam a2200349 c 4500
001 24764
003 ES-MaCES
005 20141221122927.0
008 121127s2012 sp bd t 100 | spa d
017 _aM 6293-2012
_bDL
020 _a9788461573516
035 _aCES20120007625m
040 _aES-MaCES
_bspa
_cES-MaCES
111 2 _aConferencia General sobre la Sostenibilidad del Sistema Sanitario
_d2012
_cMadrid
_91196
245 1 0 _aIdeas para la reforma sanitaria
_cConferencia General sobre la Sostenibilidad del Sistema Sanitario ; Ignacio Para Rodríguez-Santana (autor-coord.)
250 _a1ª ed
260 _aMadrid
_bFundación Bamberg
_c2012
300 _a315 p.
_bgráf., mapas bl. y n.
_c24 cm
541 _cCompra
650 4 _aasistencia médica
_930272
650 4 _aservicio de salud
_927058
650 4 _agestión de los sistemas de asistencia sanitaria
_930670
650 4 _apolítica sanitaria
_929366
650 4 _areforma sanitaria
_930826
650 4 _aEspaña
_926964
650 4 _aconferencia
_927013
653 1 0 _aSalud
700 1 _aPara Rodríguez-Santana, Ignacio
_ecol.
_920355
902 _aLIB Libro
942 _2CES
_cBK
_h3.1.
999 _c24764
_d24764